Zapustí tanečné divadlo korene?

Bibliographic Details
Format: Article
Language:Slovak
Subjects:

MARC

LEADER 00000nab a2200000 a 4500
001 vtls000399845
003 SK-MaSNL
005 20260303194214.0
008 040806c1990 xo 0 slo
015 |a SNBRB19rr/mm-uuuuu 
035 |a CL0399969 
040 |a SNKBUCL  |b slo  |c SNKBUCL  |e AACR2 
041 0 |a slo 
044 |a xo  |c SK 
080 |a 792.8  |2 1981 
245 0 0 |a Zapustí tanečné divadlo korene?  |c (ad) 
500 |a Námet, choreografia a réžia Ondrej Šoth 
600 1 7 |a Pavlíček, Michal,  |d 1956-  |t Zvláštna radosť žiť  |2 snkbucl  |9 1226151 
610 2 7 |a Slovenské národné divadlo.  |b Balet  |2 snkbucl  |9 32457 
650 0 7 |a balety  |2 snkbucl  |9 31615 
650 0 7 |a beletné inscenácie  |2 snkbucl  |9 1226152 
655 7 |a recenzie  |2 snkbucl  |9 21907 
655 7 |a články z novín a časopisov  |2 snkbucl  |9 267496 
773 0 |t Smena  |g Roč. 43, č. 271 (19. 11. 1990), s. 5 
850 |a Slovenská národná knižnica v Martine  |a MTA001 
852 |a SNK  |b KIS3GCP 
999 |c 2156404  |d 2158334